The super ultra mega Giga flag shape quiz - Statistics

General Stats
  • This quiz has been taken 16 times
  • The average score is 80 of 345
Answer Stats
Picture Answer % Correct
Barbados
92%
Honduras
50%
Niger
50%
Guam
42%
New Zealand
42%
Afghanistan
33%
Albania
33%
Albania
33%
Algeria
33%
Andorra
33%
Angola
33%
Argentina
33%
Armenia
33%
Australia
33%
Austria
33%
Azerbaijan
33%
Bahamas
33%
Bangladesh
33%
Belarus
33%
Belgium
33%
Belize
33%
Benin
33%
Bhutan
33%
Bosnia and Herzegovina
33%
Botswana
33%
Brazil
33%
Brunei
33%
Bulgaria
33%
Bulgaria
33%
Burkina Faso
33%
Burundi
33%
Cambodia
33%
Cameroon
33%
Canada
33%
Central African Republic
33%
Chad
33%
Chile
33%
China
33%
Colombia
33%
Corsica
33%
Costa Rica
33%
Croatia
33%
Cuba
33%
Cyprus
33%
Czechia
33%
Denmark
33%
Djibouti
33%
Dominica
33%
Dominican Republic
33%
D.R. Congo
33%
East Timor
33%
Ecuador
33%
Egypt
33%
El Salvador
33%
England
33%
Eritrea
33%
Estonia
33%
Eswatini
33%
Ethiopia
33%
Finland
33%
France
33%
Gabon
33%
Gambia
33%
Georgia
33%
Germany
33%
Ghana
33%
Greece
33%
Guatemala
33%
Guinea
33%
Guinea-Bissau
33%
Guyana
33%
Haiti
33%
Iceland
33%
India
33%
Indonesia
33%
Iran
33%
Iraq
33%
Ireland
33%
Israel
33%
Italy
33%
Ivory Coast
33%
Jamaica
33%
Japan
33%
Jordan
33%
Kazakhstan
33%
Kenya
33%
Kosovo
33%
Kuwait
33%
Kyrgyzstan
33%
Laos
33%
Latvia
33%
Lebanon
33%
Lesotho
33%
Liberia
33%
Libya
33%
Liechtenstein
33%
Luxembourg
33%
Madagascar
33%
Malawi
33%
Malaysia
33%
Mali
33%
Malta
33%
Mauritania
33%
Mexico
33%
Moldova
33%
Monaco
33%
Mongolia
33%
Mongolia
33%
Montenegro
33%
Morocco
33%
Mozambique
33%
Myanmar
33%
Namibia
33%
Nauru
33%
Nepal
33%
Netherlands
33%
Nicaragua
33%
Nigeria
33%
North Korea
33%
North Macedonia
33%
Norway
33%
Oman
33%
Pakistan
33%
Palau
33%
Palestine
33%
Panama
33%
Papua New Guinea
33%
Paraguay
33%
Peru
33%
Philippines
33%
Poland
33%
Portugal
33%
Prussia
33%
Qatar
33%
Rep. of the Congo
33%
Romania
33%
Romania
33%
Russia
33%
Rwanda
33%
Saint Kitts and Nevis
33%
Saint Lucia
33%
San Marino
33%
Saudi Arabia
33%
Scotland
33%
Scotland
33%
Senegal
33%
Serbia
33%
Sierra Leone
33%
Slovakia
33%
Slovenia
33%
Somalia
33%
South Africa
33%
South Korea
33%
South Sudan
33%
Soviet Union
33%
Spain
33%
Sri Lanka
33%
Sudan
33%
Suriname
33%
Sweden
33%
Switzerland
33%
Syria
33%
Taiwan
33%
Tajikistan
33%
Tanzania
33%
Texas
33%
Thailand
33%
Trinidad and Tobago
33%
Tunisia
33%
Turkey
33%
Turkmenistan
33%
Uganda
33%
Ukraine
33%
United Arab Emirates
33%
United Kingdom
33%
United States
33%
Uruguay
33%
Uzbekistan
33%
Vatican City
33%
Venezuela
33%
Vietnam
33%
Wales
33%
Yemen
33%
Zambia
33%
Zimbabwe
33%
Abkhazia
25%
Afghanistan
25%
Bahrain
25%
Bolivia
25%
Brittany
25%
Comoros
25%
Crimea
25%
Czechoslovakia
25%
East Germany
25%
Equatorial Guinea
25%
Gibraltar
25%
Greenland
25%
Grenada
25%
Hungary
25%
Lithuania
25%
Mauritius
25%
Northern Cyprus
25%
North Vietnam
25%
Puerto Rico
25%
Roman empire
25%
Saint Vincent and the Grenadines
25%
Samoa
25%
Singapore
25%
Tibet
25%
Togo
25%
Western Sahara
25%
Yugoslavia
25%
Amsterdam
17%
Anguilla
17%
Antigua and Barbuda
17%
Aruba
17%
Austria-Hungary
17%
Basque Country
17%
Benin
17%
Catalonia
17%
Falkland Islands
17%
French Empire
17%
French Guiana
17%
F.S. Micronesia
17%
German Empire
17%
Korean Empire
17%
Kurdistan
17%
Macau
17%
Minas Gerais
17%
New Caledonia
17%
Niue
17%
Ottoman Empire
17%
Quebec
17%
Russian Empire
17%
São Paulo
17%
Seychelles
17%
Sicily
17%
Solomon Islands
17%
Somaliland
17%
South Ossetia
17%
South Vietnam
17%
South Yemen
17%
Vanuatu
17%
Wallonia
17%
Artsakh
8%
Balochistan
8%
Bavaria
8%
Belgrade
8%
Berlin
8%
Bermuda
8%
British Empire
8%
British Indian Ocean territory
8%
British Virgin Islands
8%
Budapest
8%
Byzantine Empire
8%
Cape Verde
8%
Cayman Islands
8%
Cornwall
8%
Darfur
8%
Easter Island
8%
Ethiopian Empire
8%
Georgian Empire
8%
Greater London
8%
Hokkaido
8%
Holy Roman Empire
8%
Ibiza
8%
Isle of Man
8%
Jammu and kashmir
8%
Jersey
8%
Kamchatka
8%
Kiribati
8%
Kyiv
8%
Latvian SSR
8%
Macedonia
8%
Madrid
8%
Maldives
8%
Marshall Islands
8%
Mongol empire
8%
Montserrat
8%
Moscow
8%
Newfoundland
8%
Northern Territory
8%
Ontario
8%
Paris
8%
Rome
8%
São Tomé and Príncipe
8%
South Georgia and the south sandwich islands
8%
Tasmania
8%
Tokyo
8%
Tonga
8%
Transnistria
8%
Turks and Caicos Islands
8%
Tuvalu
8%
United States Virgin Islands
8%
Veneto
8%
Vermont
8%
Warsaw
8%
Washington DC
8%
Western Australia
8%
Zagreb
8%
Akrotiri and Dhekelia
0%
Aomori
0%
Armenian SSR
0%
Azerbaijani SSR
0%
Bucharest
0%
Byelorussian SSR
0%
Chiba
0%
Empire of Brazil
0%
Estonian SSR
0%
Fiji
0%
French Polynesia
0%
Fukui
0%
Fukuota
0%
Georgian SSR
0%
Gifu
0%
Gran Colombia
0%
Gunma
0%
Hunagry
0%
Hyogo
0%
Kagoshima
0%
Kampuchea
0%
Kanagawa
0%
Kazakh SSR
0%
Kirghiz SSR
0%
Kumamoto
0%
Lithuanian SSR
0%
Miyagi
0%
Moldovan SSR
0%
Northern Island
0%
Okayama
0%
Ottowa
0%
People's Republic of the Congo
0%
Pitcairn, Henderson, Ducie and Oeno Islands
0%
Qing Empire
0%
Russian SFSR
0%
Saint Helena, Ascension and Tristan da Cunha
0%
Saint Helena, Ascension and Tristan da Cunha
0%
Tajik SSR
0%
Tokelau
0%
Toyama
0%
Turkmen SSR
0%
Ukrainian SSR
0%
Uzbek SSR
0%
Yamaguchi
0%
Ziare
0%
No matching quizzes found
Score Distribution
Percent of People with Each Score
Percentile by Number Answered
Your Score History
You have not taken this quiz